Tropospheric effects on GNSS positioning for airborne applications (Record no. 114576)

MARC details
000 -LEADER
fixed length control field 00827cad a22002415a 4500
001 - CONTROL NUMBER
control field L157076
008 - FIXED-LENGTH DATA ELEMENTS--GENERAL INFORMATION
fixed length control field 120829s2012 xxk f 000 0 eng d
020 ## - INTERNATIONAL STANDARD BOOK NUMBER
International Standard Book Number 9781842198124
035 ## - SYSTEM CONTROL NUMBER
System control number (Sirsi) u157076
041 0# - LANGUAGE CODE
Language code of text/sound track or separate title eng
100 1# - MAIN ENTRY--PERSONAL NAME
Personal name Penna, Nigel
245 00 - TITLE STATEMENT
Title Tropospheric effects on GNSS positioning for airborne applications
Medium [electronic resource]
260 ## - PUBLICATION, DISTRIBUTION, ETC.
Place of publication, distribution, etc. London
Name of publisher, distributor, etc. RICS
Date of publication, distribution, etc. 2012
490 #0 - SERIES STATEMENT
Series statement RICS Research
490 #0 - SERIES STATEMENT
Series statement RICS Findings in Built and Rural Environments
520 ## - SUMMARY, ETC.
Summary, etc. Tests a series of tropospheric mitigation methods using double difference processing.
651 #4 - SUBJECT ADDED ENTRY--GEOGRAPHIC NAME
Geographic name International
690 ## - LOCAL SUBJECT ADDED ENTRY--TOPICAL TERM (OCLC, RLIN)
Topical term or geographic name as entry element Geomatics
9 (RLIN) 6242
700 1# - ADDED ENTRY--PERSONAL NAME
Personal name Clarke, Peter
700 1# - ADDED ENTRY--PERSONAL NAME
Personal name Webb, Samuel
856 40 - ELECTRONIC LOCATION AND ACCESS
Uniform Resource Identifier <a href="https://www.rics.org/Global/Downloads/GPS_Arctic_270911_dwl_aj.pdf">https://www.rics.org/Global/Downloads/GPS_Arctic_270911_dwl_aj.pdf</a>
Public note Broken link - not available
942 ## - ADDED ENTRY ELEMENTS (KOHA)
Suppress in OPAC 0
Holdings
Withdrawn status Lost status Source of classification or shelving scheme Damaged status Not for loan Home library Current library Shelving location Date acquired Total Checkouts Full call number Barcode Date last seen Copy number Price effective from Koha item type
    Dewey Decimal Classification     Virtual Virtual Online 29/08/2012   ONLINE PUBLICATION 157076-2001 06/08/2019 1 06/08/2019 Book